ბათუმის შოთა რუსთაველის სახელმწიფო უნივერსიტეტის ბიბლიოთეკა

ქართული პროზა. წ.24.მიხეილ ჯავახიშვილი:არსენა მარაბდელი (ბიბ.ჩანაწერი № 43731)

000 -LEADER
fixed length control field 01078nam a2200229Ia 4500
001 - CONTROL NUMBER
control field 10475
003 - CONTROL NUMBER IDENTIFIER
control field GE_BSU
008 - FIXED-LENGTH DATA ELEMENTS--GENERAL INFORMATION
fixed length control field 181216s||||||||xx |||||||||||||| ||und||
020 ## - INTERNATIONAL STANDARD BOOK NUMBER
International Standard Book Number 9789992895269
040 ## - CATALOGING SOURCE
Transcribing agency GE_BSU
080 ## - UNIVERSAL DECIMAL CLASSIFICATION NUMBER
Universal Decimal Classification number 821.353.1–31
245 ## - TITLE STATEMENT
Title ქართული პროზა. წ.24.მიხეილ ჯავახიშვილი:არსენა მარაბდელი
245 ## - TITLE STATEMENT
Remainder of title რომანი
245 ## - TITLE STATEMENT
Statement of responsibility, etc. სარედ.კოლ.რ.თვარაძე და სხვ.შემდგ.რედ.ჯ.ღვინჯილია.ვ.ჯავახაძე.რედ.რედ.ნუკრი აბესაძე.მხატვ.დავით დუნდუა. თ. შარიფაშვილი
260 ## - PUBLICATION, DISTRIBUTION, ETC.
Place of publication, distribution, etc. თბილისი
260 ## - PUBLICATION, DISTRIBUTION, ETC.
Name of publisher, distributor, etc. საქართველო
260 ## - PUBLICATION, DISTRIBUTION, ETC.
Date of publication, distribution, etc. 1996
300 ## - PHYSICAL DESCRIPTION
Extent 648გვ.20სმ.
653 ## - INDEX TERM--UNCONTROLLED
Uncontrolled term მიხეილ ჯავახიშვილი:არსენა მარაბდელი
653 ## - INDEX TERM--UNCONTROLLED
Uncontrolled term ქართული პროზა
942 ## - ADDED ENTRY ELEMENTS (KOHA)
Koha item type წიგნი
ეგზემპლარები
Withdrawn status Lost status Damaged status Not for loan Date acquired Barcode Date last seen Price effective from Koha item type
        2018-12-17 34254 2018-12-17 2018-12-17 წიგნი